| 000 | 00485nam a22001697a 4500 | ||
|---|---|---|---|
| 008 | 161115b xxu||||| |||| 00| 0 eng d | ||
| 020 | _a0838515665 | ||
| 020 | _a9780838515662 | ||
| 050 |
_aRT 41 _b.S5826 2000 |
||
| 100 | _aSmith,Sandra F. | ||
| 245 | _aClinicall nursing skils:basic to advanced skills. | ||
| 250 | _a5th ed | ||
| 260 |
_aNJ: _bPrenticeHall, _c2000. |
||
| 300 | _axxxii,1199p. | ||
| 650 | _aNursing. | ||
| 942 |
_2lcc _cBOOKS _hRT 41 .S5826 2000 |
||
| 999 |
_c16594 _d16594 |
||